Proměny evropské logistiky 90. léta a co dál

Vývoj logistiky v 90. rokoch v Európe. Hlavné postrehy štúdie o prebiehajúcich zmenách na európskom trhu s logistickými službami a sfére podnikovej logistiky z roku 1993. Prínos 90. rokov k úrovni podnikovej logistiky, nové logistické systémy.

Salvato in:
Dettagli Bibliografici
Autore principale: Růžička, David
Natura: Capitolo di libro
Lingua:ceco
Soggetti:
Tags: Aggiungi Tag
Nessun Tag, puoi essere il primo ad aggiungerne!!

MARC

LEADER 00000naa a2200000 4500
001 r038720
005 20231003122952.1
041 0 |a cze 
044 |a CZ 
245 1 0 |a Proměny evropské logistiky  |b 90. léta a co dál  |c David Růžička 
520 |a Vývoj logistiky v 90. rokoch v Európe. Hlavné postrehy štúdie o prebiehajúcich zmenách na európskom trhu s logistickými službami a sfére podnikovej logistiky z roku 1993. Prínos 90. rokov k úrovni podnikovej logistiky, nové logistické systémy. 
610 2 0 |a logistika 
610 2 0 |a história 
610 2 0 |a vývoj 
610 2 0 |a služby 
610 2 0 |a podnik 
610 2 0 |a inovácia 
610 2 0 |a pokrok 
610 2 0 |a technológie nové 
610 2 0 |a riadenie podnikové 
610 2 0 |a Európa 
610 2 0 |a 1990-2000 
100 1 |a Růžička, David